<?xml version="1.0" encoding="UTF-8"?>
<record
    xmlns:xsi="http://www.w3.org/2001/XMLSchema-instance"
    xsi:schemaLocation="http://www.loc.gov/MARC21/slim http://www.loc.gov/standards/marcxml/schema/MARC21slim.xsd"
    xmlns="http://www.loc.gov/MARC21/slim">

  <leader>01046nam a22001457a 4500</leader>
  <controlfield tag="008">708 J61d</controlfield>
  <datafield tag="020" ind1=" " ind2=" ">
    <subfield code="a">708 J61d</subfield>
  </datafield>
  <datafield tag="082" ind1=" " ind2=" ">
    <subfield code="a">708</subfield>
    <subfield code="b">J61d</subfield>
  </datafield>
  <datafield tag="100" ind1=" " ind2=" ">
    <subfield code="a">Jim&#xE9;nez, Cisco </subfield>
    <subfield code="9">6962</subfield>
  </datafield>
  <datafield tag="245" ind1=" " ind2=" ">
    <subfield code="a">Desastrerama: </subfield>
    <subfield code="b">Cr&#xF3;nica retro de una transici&#xF3;n 1990 - 2015</subfield>
  </datafield>
  <datafield tag="260" ind1=" " ind2=" ">
    <subfield code="a">M&#xE9;xico </subfield>
    <subfield code="b">Gobierno Estatal de Morelos </subfield>
    <subfield code="b">Secretar&#xED;a de Cultura de Morelos </subfield>
    <subfield code="b">Direcci&#xF3;n General de Museo y Exposiciones </subfield>
    <subfield code="c">2017</subfield>
  </datafield>
  <datafield tag="300" ind1=" " ind2=" ">
    <subfield code="a"> 190 p.</subfield>
    <subfield code="b">il (col) </subfield>
    <subfield code="c">23,5 x 17 cm</subfield>
  </datafield>
  <datafield tag="505" ind1=" " ind2=" ">
    <subfield code="t">Presentaciones </subfield>
    <subfield code="t">L&#xED;nea del tiempo / Timeline </subfield>
    <subfield code="t">Cr&#xF3;nica de un sue&#xF1;o interrumpido </subfield>
    <subfield code="r">Jos&#xE9; Springer </subfield>
    <subfield code="t">Tras-mundos morelenses: animaciones y artificios en la obra de Cisco Jim&#xE9;nez </subfield>
    <subfield code="r">Francesco Pellizzi </subfield>
    <subfield code="t">Obras / Works </subfield>
    <subfield code="t">Cisco Jim&#xE9;nez </subfield>
    <subfield code="t">Lista de obras / List of works </subfield>
    <subfield code="t">Foreword </subfield>
    <subfield code="t">Chronicle of and Interrrupted Dream </subfield>
    <subfield code="r">Jos&#xE9; Springer </subfield>
    <subfield code="t">Hybrid-Hidden Worlds in Morelos: Animation and Artifice in the Work of Cisco Jim&#xE9;nez </subfield>
    <subfield code="r">Francesco Pelizzi </subfield>
    <subfield code="t">Cr&#xE9;ditos y agradecimientos / Credits and Acknowledgments </subfield>
  </datafield>
  <datafield tag="650" ind1=" " ind2=" ">
    <subfield code="x">arte contempor&#xE1;neo </subfield>
    <subfield code="x">M&#xE9;xico </subfield>
    <subfield code="x">arte - biograf&#xED;a </subfield>
    <subfield code="x">arte - exhibiciones </subfield>
    <subfield code="9">6963</subfield>
  </datafield>
  <datafield tag="999" ind1=" " ind2=" ">
    <subfield code="c">1750</subfield>
    <subfield code="d">1750</subfield>
  </datafield>
  <datafield tag="952" ind1=" " ind2=" ">
    <subfield code="0">0</subfield>
    <subfield code="1">0</subfield>
    <subfield code="2">ddc</subfield>
    <subfield code="4">0</subfield>
    <subfield code="7">0</subfield>
    <subfield code="a">LV</subfield>
    <subfield code="b">LV</subfield>
    <subfield code="c">Monograf&#xED;as</subfield>
    <subfield code="d">2019-03-16</subfield>
    <subfield code="l">0</subfield>
    <subfield code="o">708 J61d</subfield>
    <subfield code="p">004752</subfield>
    <subfield code="r">2019-03-16 00:00:00</subfield>
    <subfield code="w">2019-03-16</subfield>
    <subfield code="y">01</subfield>
  </datafield>
</record>
